| 000 | 00000nas 2200000zi 4500 |
| 001 | 9.949949 |
| 003 | CaOODSP |
| 005 | 20250410151557 |
| 006 | m o d f |
| 007 | cr cn |||||||| |
| 008 | 250409d19811993oncar p o f0 0eng|d |
| 040 | |aCaOODSP|beng|erda|cCaOODSP |
| 041 | 0 |aeng|afre |
| 043 | |an-cn--- |
| 086 | 1 |aNR1-1-PDF |
| 110 | 2 |aNational Research Council Canada.|eauthor, |eissuing body. |
| 245 | 10|aAnnual report. |
| 246 | 15|aRapport annuel |
| 246 | 1 |iIssues for 1983/1984-1988/1989 have title: |aNRC annual report |
| 246 | 3 |aNational Research Council annual report |
| 264 | 1|aOttawa, Ont. : |bNational Research Council of Canada, |c[1981-1993] |
| 310 | |aAnnual |
| 336 | |atext|btxt|2rdacontent |
| 337 | |acomputer|bc|2rdamedia |
| 338 | |aonline resource|bcr|2rdacarrier |
| 362 | 1 |aBegan with: 1980/1981; ceased with: 1992/1993. |
| 546 | |aText in English and French. |
| 588 | |aDescription based on: 1980/1981; title from PDF title page. |
| 588 | |aLatest issue consulted: 1992/1993. |
| 610 | 20|aNational Research Council Canada|vPeriodicals. |
| 650 | 0|aResearch|zCanada|vPeriodicals. |
| 650 | 0|aResearch, Industrial|zCanada|vPeriodicals. |
| 655 | 7|aPeriodicals|2lcgft |
| 780 | 00|tReport of the President / |w(CaOODSP)9.944959 |
| 785 | 00|tReport to Parliament / |w(CaOODSP)9.949961 |
| 788 | |tAnnual report.|efre|w(CaOODSP)9.949948 |